Online
Catalog

Constitucionalización del proceso civil / (Record no. 5475)

MARC details
000 -CABECERA
campo de control de longitud fija 02311nam a2200265 a 4500
001 - NÚMERO DE CONTROL
campo de control 000005678
005 - FECHA Y HORA DE LA ÚLTIMA TRANSACCIÓN
campo de control 20260123084624.0
008 - DATOS DE LONGITUD FIJA--INFORMACIÓN GENERAL
campo de control de longitud fija 090821s2005 dr 000 0 spa d
020 ## - NÚMERO INTERNACIONAL ESTÁNDAR DEL LIBRO
Número Internacional Estándar del Libro 9993497886
040 ## - FUENTE DE LA CATALOGACIÓN
Centro catalogador/agencia de origen DO-SdBNP
Lengua de catalogación spa
Centro/agencia transcriptor BNPHU
082 ## - NÚMERO DE LA CLASIFICACIÓN DECIMAL DEWEY
Número de clasificación 346.046
Número de documento/Ítem C758p
245 00 - MENCIÓN DE TÍTULO
Título Constitucionalización del proceso civil /
Mención de responsabilidad, etc. Hermógenes Acosta ... [et al.].
260 ## - PUBLICACIÓN, DISTRIBUCIÓN, ETC.
Lugar de publicación, distribución, etc. Santo Domingo :
Nombre del editor, distribuidor, etc. Escuela Nacional de la Judicatura,
Fecha de publicación, distribución, etc. 2005.
300 ## - DESCRIPCIÓN FÍSICA
Extensión 590 p. ;
Dimensiones 23 cm.
500 ## - NOTA GENERAL
Nota general Incluye referencias bibliográficas y notas al pie de las páginas
505 2# - NOTA DE CONTENIDO CON FORMATO
Nota de contenido con formato Modulo 1. Parte 1: Proceso civil y constitución -- Parte 2. Constitución y proceso civil en el derecho español -- Modulo 2. Parte 1: Los principios constitucionales referentes al objeto del proceso, su dirección y desarrollo formal -- Parte 2: Los principios constitucionales rectores del proceso civil 1. -- Modulo 3. Parte 1 El control judicial de adecuación constitucional en la jurisdeiccin civil. La cuestión de inconstitucionalidad -- Parte 2: El control judicial de adecuación constitucional en la jurisdicción civil y la cuestión de inconstitucionalidad en derecho español -- Modulo 4. Parte 1: Los principios constitucionales de contradicción, audiencia y defensa en el proceso civil -- Parte 2: Los principios constitucionales rectores del proceso civil 2 -- Modulo 5 . Parte 1: El derecho a la prueba -- Parte 2: Los principios constitucionales relativos a la prueba. La valorización y administración de la prueba. La iniciativa probatoria del juez -- Modulo 6. Parte 1: El derecho a recurrir como un derecho constitucional -- Parte 2. El derecho a los recursos como derecho constitucionalmente reconocido -- Modulo 7. Parte 1: El derecho procesal civil internacional -- Parte 2: El derecho procesal civil internacional -- Modulo 8. Parte 1: La aplicación del juez nacional del derecho comunitario. La cuestión prejudicial -- Modulo 9. Parte 1: La conciliación en el proceso civil español.
590 ## - NOTA LOCAL (RLIN)
Nota local Inventariado, 2018/LP
650 #4 - PUNTO DE ACCESO ADICIONAL DE MATERIA--TÉRMINO DE MATERIA
Término de materia o nombre geográfico como elemento de entrada Proceso civil
9 (RLIN) 16042
650 #0 - PUNTO DE ACCESO ADICIONAL DE MATERIA--TÉRMINO DE MATERIA
Término de materia o nombre geográfico como elemento de entrada Derecho procesal
9 (RLIN) 555
650 #0 - PUNTO DE ACCESO ADICIONAL DE MATERIA--TÉRMINO DE MATERIA
Término de materia o nombre geográfico como elemento de entrada Derecho constitucional
9 (RLIN) 10314
700 1# - PUNTO DE ACCESO ADICIONAL--NOMBRE DE PERSONA
Nombre de persona Machado Plazas, José
9 (RLIN) 16043
700 1# - PUNTO DE ACCESO ADICIONAL--NOMBRE DE PERSONA
Nombre de persona Ramírez Suzana, Manuel
9 (RLIN) 16044
700 1# - PUNTO DE ACCESO ADICIONAL--NOMBRE DE PERSONA
Nombre de persona Picó, Joan
9 (RLIN) 16045
910 ## - DATOS DE OPCIÓN DEL USUARIO (OCLC)
Datos de opción del usuario Validado. Control de calidad. MMOLINA
Holdings
Estado de retiro Estado de pérdida Restricciones de uso No para préstamo Código de colección Localización permanente Ubicación/localización actual Ubicación en estantería Fecha de adquisición Número de inventario Total de préstamos Signatura topográfica completa Código de barras Fecha visto por última vez Número de copia Precio válido a partir de Tipo de ítem Koha
        Dominicana de Servicio General General Depósito 21.08.2009 LF1   346.046 C758p 5678-30 25.06.2020 e. 3 25.06.2020 Libro y Folleto Colección Dominicana de Servicio
        Dominicana de Servicio General General Depósito 15.02.2011 LF1   346.046 C758p 5678-40 25.06.2020 e. 4 25.06.2020 Libro y Folleto Colección Dominicana de Servicio
        Dominicana de Servicio General General Depósito 15.02.2011 LF1   346.046 C758p 5678-50 25.06.2020 e. 5 25.06.2020 Libro y Folleto Colección Dominicana de Servicio
      Excluido de préstamo Patrimonio Dominicano Patrimonio Dominicano Patrimonio Dominicano Depósito 21.08.2009 LF1   346.046 C758p 5678-10 25.06.2020   25.06.2020 Libro y Folleto Colección Patrimonio Dominicano
      Excluido de préstamo Patrimonio Dominicano Patrimonio Dominicano Patrimonio Dominicano Depósito 21.08.2009 LF1   346.046 C758p 5678-20 25.06.2020 e. 2 25.06.2020 Libro y Folleto Colección Patrimonio Dominicano

Powered by Koha